[Event "FIDE-Wch k.o. (Women)"]
[Site "Elista RUS"]
[Date "2004.05.22"]
[Round "1.1"]
[White "Pahtz, Elisabeth"]
[Black "Wang Pin"]
[Result "1-0"]
[WhiteElo "2385"]
[BlackElo "2417"]
[EventDate "2004.05.22"]
[PlyCount "105"]

1.e4 c5 2.Nf3 d6 3.d4 cxd4 4.Nxd4 Nf6 5.Nc3 a6 6.f4 e6 7.Qf3 Qb6 8.Nb3 Nc6
9.Be3 Qc7 10.O-O-O b5 11.g4 Bb7 12.Bd3 Nd7 13.Qf2 Be7 14.g5 Nb4 15.Kb1 Nc5
16.Nxc5 dxc5 17.Bf1 O-O 18.Bg2 Rad8 19.f5 Rxd1+ 20.Rxd1 Rd8 21.Rf1 exf5 
22.a3 Nc6 23.exf5 Ne5 24.Bxb7 Qxb7 25.f6 Bf8 26.Bxc5 Ng4 27.Qg1 Bxc5 28.
Qxc5 Nxh2 29.Rf4 Nf3 30.Ka2 Rc8 31.Qd5 Qxd5+ 32.Nxd5 Rc5 33.Ne7+ Kf8 34.
Rxf3 Rxg5 35.Nc6 Rc5 36.fxg7+ Kxg7 37.Nd4 h5 38.c3 Kg6 39.Kb3 h4 40.a4 Rh5
41.axb5 axb5 42.Rf2 h3 43.Nf3 f6 44.Kb4 Kf5 45.Nh2+ Kg5 46.b3 f5 47.c4 
bxc4 48.bxc4 Kh4 49.c5 f4 50.c6 Rh8 51.Rc2 Rc8 52.Rc3 Rb8+ 53.Kc5 1-0

[Event "FIDE-Wch k.o. (Women)"]
[Site "Elista RUS"]
[Date "2004.05.23"]
[Round "1.2"]
[White "Wang Pin"]
[Black "Pahtz, Elisabeth"]
[Result "0-1"]
[WhiteElo "2417"]
[BlackElo "2385"]
[EventDate "2004.05.22"]
[PlyCount "92"]

1.e4 c5 2.Nf3 d6 3.d4 cxd4 4.Nxd4 Nf6 5.Nc3 a6 6.Be3 e5 7.Nb3 Be6 8.f3 Be7
9.Qd2 O-O 10.O-O-O Qc7 11.g4 Rc8 12.g5 Nh5 13.Nd5 Bxd5 14.exd5 Nd7 15.Bh3 
a5 16.Qd3 a4 17.Nd2 Nc5 18.Qc3 Re8 19.Ne4 Nf4 20.Bf1 Red8 21.Kb1 Rac8 22.
h4 a3 23.b3 Qb8 24.Qd2 Bf8 25.h5 Nxe4 26.fxe4 Qc7 27.c4 g6 28.hxg6 hxg6 
29.Bh3 Rb8 30.Rdf1 Bg7 31.Qh2 Qa5 32.Bxf4 exf4 33.Qxf4 Rf8 34.Rf3 Qc5 35.
Rd3 b5 36.Qh4 Rfe8 37.Be6 Rb7 38.Qh7+ Kf8 39.Rf1 Rxe6 40.dxe6 Qe5 41.Kc2 
bxc4 42.Rd2 cxb3+ 43.axb3 Qxe6 44.Rd3 a2 45.Qh1 Qe5 46.Qh3 Qb2+ 0-1

[Event "FIDE-Wch k.o. (Women)"]
[Site "Elista RUS"]
[Date "2004.05.22"]
[Round "1.1"]
[White "Danielian, Elina"]
[Black "Sedina, Elena"]
[Result "1/2-1/2"]
[WhiteElo "2418"]
[BlackElo "2382"]
[EventDate "2004.05.22"]
[PlyCount "88"]

1.g3 c5 2.Bg2 Nc6 3.c4 g6 4.Nc3 Bg7 5.Nf3 e5 6.O-O Nge7 7.Ne1 O-O 8.Nc2 d6
9.d3 Be6 10.Ne3 Qd7 11.Ned5 Bh3 12.Bxh3 Qxh3 13.Ne4 Nxd5 14.cxd5 Nb4 15.
Qb3 Qd7 16.a3 Na6 17.Bh6 b6 18.Bxg7 Kxg7 19.f4 f6 20.Rf2 Nc7 21.Raf1 f5 
22.Ng5 Qe7 23.e4 exf4 24.gxf4 h6 25.Ne6+ Nxe6 26.dxe6 Rae8 27.Qa4 a5 28.
exf5 Rxf5 29.Re2 Rf6 30.Rfe1 d5 31.Qc6 Rxf4 32.Qxd5 Rf5 33.Qc6 Rb8 34.Rg2 
Kh7 35.Qd7 Re8 36.Re4 Rf6 37.Rge2 Kg8 38.Re5 Kf8 39.Qc6 Rb8 40.Qe4 Rd8 41.
b4 axb4 42.axb4 Rd4 43.Qe3 Kg7 44.bxc5 bxc5 1/2-1/2

[Event "FIDE-Wch k.o. (Women)"]
[Site "Elista RUS"]
[Date "2004.05.23"]
[Round "1.2"]
[White "Sedina, Elena"]
[Black "Danielian, Elina"]
[Result "1/2-1/2"]
[WhiteElo "2382"]
[BlackElo "2418"]
[EventDate "2004.05.22"]
[PlyCount "74"]

1.e4 d5 2.exd5 Qxd5 3.Nc3 Qd6 4.d4 Nf6 5.Nf3 a6 6.g3 Bg4 7.Bg2 Nc6 8.O-O 
O-O-O 9.d5 Ne5 10.Bf4 Nxf3+ 11.Bxf3 Bxf3 12.Qxf3 e5 13.dxe6 Qxe6 14.Bg5 h5
15.Rfe1 Qg4 16.Qxg4+ hxg4 17.Ne4 Nxe4 18.Rxe4 f6 19.Bf4 f5 20.Rc4 Bd6 21.
Re1 Bxf4 22.Rxf4 g6 23.Re6 Rhg8 24.Re2 Rd5 25.Rc4 Rgd8 26.Re6 R8d6 27.Re7 
c6 28.Kg2 Rd2 29.Kf1 Rd1+ 30.Re1 Kc7 31.Rc3 R6d2 32.Rxd1 Rxd1+ 33.Kg2 Kd6 
34.h3 gxh3+ 35.Kxh3 g5 36.g4 fxg4+ 37.Kxg4 Rg1+ 1/2-1/2

[Event "FIDE-Wch k.o. (Women)"]
[Site "Elista RUS"]
[Date "2004.05.23"]
[Round "1.3"]
[White "Danielian, Elina"]
[Black "Sedina, Elena"]
[Result "1/2-1/2"]
[WhiteElo "2418"]
[BlackElo "2382"]
[EventDate "2004.05.22"]
[PlyCount "63"]

1.g3 d5 2.Bg2 c6 3.d3 Nf6 4.Nd2 e5 5.e4 Bd6 6.Ngf3 O-O 7.O-O Bg4 8.h3 Bh5 
9.Qe1 Nbd7 10.Nh4 Re8 11.Nf5 Bf8 12.Kh1 Nc5 13.Nb3 Bg6 14.Bd2 Qd7 15.Nxc5 
Bxc5 16.Nh4 dxe4 17.Nxg6 hxg6 18.dxe4 Rad8 19.Rd1 Qc7 20.b4 Bf8 21.Qe2 Nd7
22.a4 c5 23.c3 cxb4 24.cxb4 Qc2 25.Rc1 Qxa4 26.Ra1 Qc2 27.Rfc1 Qb2 28.Rcb1
Qc2 29.Rc1 Qb2 30.Rcb1 Qc2 31.Rc1 Qb2 32.Rcb1 1/2-1/2

[Event "FIDE-Wch k.o. (Women)"]
[Site "Elista RUS"]
[Date "2004.05.23"]
[Round "1.4"]
[White "Sedina, Elena"]
[Black "Danielian, Elina"]
[Result "0-1"]
[WhiteElo "2382"]
[BlackElo "2418"]
[EventDate "2004.05.22"]
[PlyCount "127"]

1.e4 d5 2.exd5 Qxd5 3.Nc3 Qd6 4.d4 Nf6 5.Bd3 Bg4 6.Nge2 Nc6 7.f3 Bh5 8.Bf4
Qd7 9.Qd2 e6 10.Bb5 a6 11.Ba4 Bg6 12.O-O Bd6 13.Rad1 O-O 14.Bg5 b5 15.Bb3 
Na5 16.Bxf6 Nxb3 17.axb3 gxf6 18.Ne4 Kg7 19.c4 bxc4 20.bxc4 Rfd8 21.d5 Be5
22.N2c3 Qe7 23.Qf2 f5 24.f4 fxe4 25.fxe5 exd5 26.cxd5 Qxe5 27.Rfe1 Re8 28.
Re3 Rad8 29.Rde1 f5 30.g3 Rd6 31.Rf1 Rb8 32.Qe2 Rdb6 33.Na4 Rb4 34.Qc2 Kg8
35.b3 Qd4 36.Qc3 Qxc3 37.Rxc3 Rxb3 38.Rxc7 Rd3 39.Nc5 Rxd5 40.Nxa6 Rbd8 
41.Nc5 Rd1 42.Ne6 R8d7 43.Rxd7 Rxd7 44.Nf4 Kg7 45.Re1 Kf6 46.Kf2 Bf7 47.
Ra1 Bc4 48.Rc1 Bb5 49.Rc5 Rd2+ 50.Ke3 Rb2 51.Nd5+ Kg5 52.Nc3 Bd3 53.h3 Rh2
54.Rc8 Rxh3 55.Rg8+ Kf6 56.Nd5+ Kf7 57.Rg5 h6 58.Rxf5+ Ke6 59.Kf4 Rh1 60.
Re5+ Kd6 61.Ne3 Rh2 62.Nf5+ Kd7 63.Re7+ Kd8 64.Re5 0-1

[Event "FIDE-Wch k.o. (Women)"]
[Site "Elista RUS"]
[Date "2004.05.22"]
[Round "1.1"]
[White "Cmilyte, Viktorija"]
[Black "Harika, Dronavalli"]
[Result "1-0"]
[WhiteElo "2430"]
[BlackElo "2368"]
[EventDate "2004.05.22"]
[PlyCount "137"]

1.d4 Nf6 2.c4 g6 3.Nc3 Bg7 4.e4 d6 5.Nf3 O-O 6.Be2 e5 7.O-O Nc6 8.d5 Ne7 
9.b4 Nh5 10.Re1 a5 11.bxa5 Rxa5 12.a4 c5 13.Nd2 Nf4 14.Bf1 Ra6 15.Ra3 h6 
16.Bb2 g5 17.Ne2 Nxe2+ 18.Bxe2 f5 19.exf5 Bxf5 20.Bg4 Qd7 21.Bxf5 Nxf5 22.
Ne4 Nh4 23.h3 Ng6 24.Qg4 Qf7 25.g3 Ne7 26.Rb1 Kh8 27.Qe6 Ng8 28.Qxf7 Rxf7 
29.Bc3 Nf6 30.Nd2 b6 31.Rab3 Nd7 32.Ne4 Bf8 33.Ra1 Nf6 34.Nxf6 Rxf6 35.a5 
bxa5 36.Rxa5 Rxa5 37.Bxa5 Rf7 38.Kg2 Kg7 39.Bc3 h5 40.f3 Kh7 41.Bd2 Kg6 
42.Rb8 Be7 43.Be3 Rf8 44.Rb7 Re8 45.Kf2 Kf6 46.Ke2 h4 47.g4 Ra8 48.Bxg5+ 
Kxg5 49.Rxe7 Ra2+ 50.Ke3 Ra3+ 51.Ke4 Rc3 52.Rg7+ Kf6 53.Rd7 Rxc4+ 54.Ke3 
Rc3+ 55.Ke2 Rc2+ 56.Ke3 Rc3+ 57.Ke2 Rc2+ 58.Kd3 Rh2 59.Rxd6+ Kf7 60.Rh6 
Rxh3 61.Ke4 c4 62.d6 c3 63.Rh7+ Ke8 64.Kd5 Rxf3 65.Ke6 Rf8 66.Ra7 Rf6+ 67.
Kxf6 c2 68.Ke6 Kf8 69.d7 1-0

[Event "FIDE-Wch k.o. (Women)"]
[Site "Elista RUS"]
[Date "2004.05.23"]
[Round "1.2"]
[White "Harika, Dronavalli"]
[Black "Cmilyte, Viktorija"]
[Result "0-1"]
[WhiteElo "2368"]
[BlackElo "2430"]
[EventDate "2004.05.22"]
[PlyCount "134"]

1.Nf3 Nf6 2.c4 b6 3.g3 Bb7 4.Bg2 c5 5.O-O g6 6.Nc3 Bg7 7.d4 cxd4 8.Qxd4 d6
9.Rd1 Nbd7 10.Be3 Rc8 11.Rac1 a6 12.b3 O-O 13.Qh4 Rc7 14.Ne1 Qb8 15.Bh3 
Ba8 16.a4 Nc5 17.f3 Nxb3 18.Rb1 Nc5 19.Nd3 Qe8 20.Rxb6 Nxa4 21.Nxa4 Qxa4 
22.Rc1 Rb7 23.Rxb7 Bxb7 24.Bh6 Qa2 25.Kf2 Bxh6 26.Qxh6 e5 27.Ne1 Bc8 28.
Bg2 Be6 29.Rc2 Qb3 30.Qd2 Qb6+ 31.e3 Rc8 32.Bf1 a5 33.Rb2 Qc7 34.Ra2 Ra8 
35.Ra1 Qb6 36.Qc3 Nd7 37.Nd3 Nc5 38.Nxc5 Qxc5 39.Qa3 Qxa3 40.Rxa3 Kf8 41.
f4 Ra7 42.Ke1 Ke7 43.Kd2 Kd7 44.Kc3 Kc6 45.Be2 Kc5 46.h4 a4 47.Bd1 Bd7 48.
Bf3 f6 49.h5 gxh5 50.Bxh5 Rb7 51.Be2 Rb4 52.Bd3 h5 53.Ra1 Be6 54.Rh1 Bxc4 
55.Bxc4 Rxc4+ 56.Kb2 Rb4+ 57.Ka2 Rb3 58.Rxh5 Rxe3 59.Rf5 Rxg3 60.Rxf6 e4 
61.Re6 d5 62.f5 e3 63.Ka3 d4 64.Kxa4 Kc4 65.f6 Rf3 66.Rc6+ Kd3 67.Rb6 Rf1 
0-1

[Event "FIDE-Wch k.o. (Women)"]
[Site "Elista RUS"]
[Date "2004.05.22"]
[Round "1.1"]
[White "Xu Yuanyuan"]
[Black "Vasylevych, Tatiana"]
[Result "1-0"]
[WhiteElo "2410"]
[BlackElo "2386"]
[EventDate "2004.05.22"]
[PlyCount "207"]

1.d4 Nf6 2.c4 e6 3.Nc3 Bb4 4.e3 O-O 5.a3 Bxc3+ 6.bxc3 c5 7.Bd3 d5 8.Nf3 
Nc6 9.O-O dxc4 10.Bxc4 Qc7 11.Qe2 e5 12.h3 e4 13.Nd2 Na5 14.Ba2 b6 15.c4 
Re8 16.Bb2 Bf5 17.d5 Nd7 18.f4 exf3 19.Qxf3 Bg6 20.e4 Ne5 21.Qc3 f6 22.
Rae1 Nb7 23.Nf3 Nd6 24.Nxe5 fxe5 25.Bb1 Qe7 26.Kh2 Rab8 27.a4 Qb7 28.Bd3 
Re7 29.Qc2 Qa6 30.Ra1 Rbe8 31.Bc3 Qb7 32.Qe2 Rf7 33.Rxf7 Qxf7 34.Rf1 Qd7 
35.Bc2 h6 36.Rb1 Kh7 37.a5 Qc7 38.axb6 axb6 39.Bd3 Re7 40.Qb2 Nc8 41.Ra1 
Qb8 42.Ra2 Qc7 43.Qa1 Be8 44.Ra8 Bd7 45.Bc2 Re8 46.Be1 Re7 47.Bg3 Kg6 48.
Qa6 Nd6 49.Ra7 Qb8 50.Ra8 Qc7 51.Bh4 Bc8 52.Qa4 Re8 53.Ra7 Bb7 54.Bg3 Qb8 
55.Bd3 Kh7 56.Qa1 Nc8 57.Ra2 Qd6 58.Rf2 b5 59.Rf5 bxc4 60.Bxc4 Nb6 61.Bb5 
Nd7 62.Qa7 Bc8 63.Rf7 Re7 64.Rxe7 Qxe7 65.Qc7 Qe8 66.Qc6 Qf8 67.Qc7 Qe8 
68.Ba4 Kh8 69.Bxd7 Bxd7 70.Qxc5 Ba4 71.Qc7 Kh7 72.Bxe5 Qg6 73.d6 Qg5 74.
Bg3 Qd2 75.Qe7 Bc6 76.Be5 Qg5 77.Qxg5 hxg5 78.Kg3 Kg6 79.Kf3 Kf7 80.Ke3 g6
81.Kd4 Ke6 82.Bh2 Bb5 83.Ke3 Bd7 84.Kd4 Bb5 85.Kc5 Ba6 86.g4 Kd7 87.Kd5 
Be2 88.Ke5 Bf3 89.Kf6 Bxe4 90.Kxg5 Ke6 91.Bf4 Kf7 92.Kh4 Bc6 93.Kg3 Ke6 
94.Kf2 Bb7 95.h4 Bc6 96.h5 gxh5 97.gxh5 Be8 98.h6 Bg6 99.Ke3 Bh7 100.Kd4 
Bb1 101.Kc5 Kd7 102.Kd5 Bc2 103.Ke5 Bb1 104.Kf6 1-0

[Event "FIDE-Wch k.o. (Women)"]
[Site "Elista RUS"]
[Date "2004.05.23"]
[Round "1.2"]
[White "Vasylevych, Tatiana"]
[Black "Xu Yuanyuan"]
[Result "1-0"]
[WhiteElo "2386"]
[BlackElo "2410"]
[EventDate "2004.05.22"]
[PlyCount "147"]

1.d4 d5 2.c4 c6 3.Nf3 Nf6 4.Nc3 dxc4 5.a4 Bf5 6.e3 e6 7.Bxc4 Bb4 8.Ne5 
Nbd7 9.Nxd7 Qxd7 10.O-O O-O 11.f3 Rad8 12.Qe2 Bg6 13.Rd1 c5 14.dxc5 Qc7 
15.Bd2 Bxc5 16.Kh1 a6 17.e4 Bd6 18.g3 Rd7 19.Rac1 Qb8 20.Be3 Rfd8 21.Qf2 
Be5 22.Rxd7 Rxd7 23.Bf1 h6 24.b4 Rc7 25.Na2 Rxc1 26.Nxc1 Qd6 27.Qd2 Qxd2 
28.Bxd2 Nd7 29.Nb3 Bc7 30.b5 axb5 31.Bxb5 Ne5 32.Bf4 f5 33.exf5 exf5 34.
Nc5 Bh5 35.Be2 Be8 36.Bb5 Bh5 37.Be2 Be8 38.Bd1 Bc6 39.Ne6 Nd3 40.Bxc7 
Nf2+ 41.Kg2 Nxd1 42.a5 Ne3+ 43.Kf2 Nd1+ 44.Ke2 Nc3+ 45.Kf2 Nd1+ 46.Ke1 
Bxf3 47.Nd4 Bh5 48.Nxf5 Bg4 49.Nd6 Bf3 50.Kd2 g5 51.Bb6 Nb2 52.Bd4 Na4 53.
Kd3 Bd5 54.Ba1 b6 55.Kd4 Ba8 56.Kc4 Nc5 57.axb6 Nb7 58.Nxb7 Bxb7 59.Kc5 
Kf7 60.Kd6 h5 61.Kc7 Bg2 62.b7 Bxb7 63.Kxb7 Ke6 64.Kc6 Kf5 65.Kd5 Kg4 66.
Bf6 Kf5 67.Bd8 Kg4 68.Ke4 h4 69.gxh4 Kxh4 70.Kf5 Kh3 71.Bc7 Kh4 72.Bd6 Kh5
73.Bg3 g4 74.Bf2 1-0

[Event "FIDE-Wch k.o. (Women)"]
[Site "Elista RUS"]
[Date "2004.05.23"]
[Round "1.3"]
[White "Xu Yuanyuan"]
[Black "Vasylevych, Tatiana"]
[Result "1-0"]
[WhiteElo "2410"]
[BlackElo "2386"]
[EventDate "2004.05.22"]
[PlyCount "69"]

1.d4 Nf6 2.c4 e6 3.Nc3 d5 4.Bg5 Nbd7 5.e3 Bb4 6.cxd5 exd5 7.Bd3 O-O 8.Ne2 
c5 9.O-O Qa5 10.dxc5 Qxc5 11.Rc1 Qb6 12.Rc2 h6 13.Bh4 Bxc3 14.Nxc3 g5 15.
Bg3 Nc5 16.Be5 Bg4 17.f3 Nxd3 18.Qxd3 Bh5 19.Qd4 Qxd4 20.Bxd4 Nd7 21.Nxd5 
Rfd8 22.Rc7 Kf8 23.Rxb7 a5 24.Rc1 Bg6 25.Rcc7 Nb8 26.Nb6 Ra6 27.Rxb8 Rxb8 
28.Nd7+ Ke8 29.Nxb8 Re6 30.Rc8+ Ke7 31.Bc5+ Kf6 32.Nd7+ Kg7 33.Bd4+ f6 34.
Nxf6 Rxf6 35.Rc6 1-0

[Event "FIDE-Wch k.o. (Women)"]
[Site "Elista RUS"]
[Date "2004.05.23"]
[Round "1.4"]
[White "Vasylevych, Tatiana"]
[Black "Xu Yuanyuan"]
[Result "1-0"]
[WhiteElo "2386"]
[BlackElo "2410"]
[EventDate "2004.05.22"]
[PlyCount "98"]

1.d4 d5 2.c4 c6 3.Nf3 Nf6 4.Nc3 dxc4 5.a4 Bf5 6.e3 e6 7.Bxc4 Bb4 8.Ne5 
Nbd7 9.Nxd7 Qxd7 10.O-O O-O 11.f3 Rfd8 12.Qb3 c5 13.Rd1 Qe7 14.e4 Bg6 15.
Na2 Ba5 16.Bg5 cxd4 17.e5 Qc5 18.Qb5 Rdc8 19.exf6 Bc2 20.Bd3 Bxd1 21.Rxd1 
Qxb5 22.axb5 Bd8 23.Be4 gxf6 24.Bf4 e5 25.Bg3 Rab8 26.Bd3 Bb6 27.Nc1 Re8 
28.Kf1 Rbc8 29.Ne2 Kg7 30.Bh4 f5 31.Ng3 Bd8 32.Nxf5+ Kf8 33.Be1 Re6 34.
Bb4+ Kg8 35.b3 Rc7 36.g4 Bg5 37.Bc4 Re8 38.h4 Bf4 39.Nd6 Rd8 40.Ne4 Kg7 
41.Ke2 h6 42.Kd3 Rcd7 43.g5 hxg5 44.hxg5 Rh8 45.Nf6 Rdd8 46.Ng4 Rh3 47.Ke4
Bxg5 48.Rg1 f6 49.Be7 Rdh8 1-0

[Event "FIDE-Wch k.o. (Women)"]
[Site "Elista RUS"]
[Date "2004.05.23"]
[Round "1.5"]
[White "Vasylevych, Tatiana"]
[Black "Xu Yuanyuan"]
[Result "0-1"]
[WhiteElo "2386"]
[BlackElo "2410"]
[EventDate "2004.05.22"]
[PlyCount "112"]

1.d4 d5 2.c4 c6 3.Nf3 Nf6 4.Nc3 dxc4 5.a4 Bf5 6.e3 e6 7.Bxc4 Nbd7 8.O-O 
Bb4 9.Qe2 Bg6 10.e4 O-O 11.Bd3 h6 12.h3 Re8 13.Bf4 Qa5 14.Na2 Bf8 15.b4 
Qd8 16.Rfc1 Rc8 17.Rab1 Be7 18.Nc3 Nf8 19.Be3 N6d7 20.Bc4 Bd6 21.Rb2 a5 
22.bxa5 Ba3 23.Rxb7 Bxc1 24.Bxc1 Qxa5 25.Bd2 Rb8 26.Rxb8 Rxb8 27.Ne1 Rb2 
28.Nd3 Qxc3 29.Nxb2 Qxb2 30.Qd3 Nb6 31.Bc3 Qc1+ 32.Kh2 Qf4+ 33.Kg1 Bxe4 
34.Qf1 Nxa4 35.Bb4 Nb6 36.Bb3 Nd5 37.Ba3 Ng6 38.Bc1 Qf6 39.Qc4 Nh4 40.Bd1 
Nxg2 41.Qe2 Qg6 42.Qg4 Qxg4 43.hxg4 Nh4 44.Bb2 Bf3 45.Ba4 Nf4 46.Kf1 Bg2+ 
47.Ke1 Nd3+ 48.Kd2 Nxb2 49.Bb3 Bd5 50.Bc2 Nc4+ 51.Kc3 Nd6 52.Kb4 Nb5 53.
Kc5 Nf3 54.Bd1 Nbxd4 55.Ba4 Kh7 56.Bd1 Kg6 0-1

[Event "FIDE-Wch k.o. (Women)"]
[Site "Elista RUS"]
[Date "2004.05.23"]
[Round "1.6"]
[White "Xu Yuanyuan"]
[Black "Vasylevych, Tatiana"]
[Result "0-1"]
[WhiteElo "2410"]
[BlackElo "2386"]
[EventDate "2004.05.22"]
[PlyCount "38"]

1.d4 Nf6 2.c4 c5 3.d5 b5 4.cxb5 a6 5.bxa6 d6 6.Nc3 Bxa6 7.Nf3 g6 8.e4 Bxf1
9.Kxf1 Bg7 10.g3 O-O 11.Kg2 Nbd7 12.h3 Ra6 13.Rb1 Qa8 14.Re1 Rb8 15.a4 Ne8
16.Bd2 Nc7 17.b3 Rab6 18.a5 R6b7 19.Na4 Na6 0-1

[Event "FIDE-Wch k.o. (Women)"]
[Site "Elista RUS"]
[Date "2004.05.23"]
[Round "1.7"]
[White "Xu Yuanyuan"]
[Black "Vasylevych, Tatiana"]
[Result "0-1"]
[WhiteElo "2410"]
[BlackElo "2386"]
[EventDate "2004.05.22"]
[PlyCount "111"]

1.d4 Nf6 2.Nf3 e6 3.g3 d5 4.Bg2 Be7 5.O-O O-O 6.b3 b6 7.Bb2 Bb7 8.c4 Nbd7 
9.Nc3 a6 10.Rc1 c5 11.cxd5 exd5 12.e3 Bd6 13.Qe2 Qe7 14.Rfd1 Rfe8 15.Qc2 
Rac8 16.Qb1 Ne4 17.dxc5 Bxc5 18.Nxe4 dxe4 19.Nd4 g6 20.Ne2 Nf6 21.Bh3 Rcd8
22.Rxd8 Rxd8 23.Rd1 Nd5 24.Nc3 Nxc3 25.Bxc3 Rxd1+ 26.Qxd1 Qd6 27.Qxd6 Bxd6
28.Bd4 b5 29.Kf1 Kf8 30.Ke2 Ke7 31.Bg2 Kd8 32.h4 Kc7 33.g4 Bc8 34.f3 exf3+
35.Bxf3 Bb7 36.Bxb7 Kxb7 37.Kf3 Kc6 38.Ke4 Bg3 39.h5 gxh5 40.gxh5 Kd7 41.
Kf5 Ke7 42.h6 f6 43.Be5 Kd7 44.b4 Kc8 45.Bd6 Kb7 46.Bc5 Be1 47.Ke6 Bh4 48.
Kd7 Bg5 49.Bd4 Bh4 50.Bc5 Bg5 51.Ke6 Bh4 52.Kd5 Bg5 53.Ke6 Bh4 54.Kd5 Bg5 
55.Ke4 Bh4 56.Kd4 0-1

[Event "FIDE-Wch k.o. (Women)"]
[Site "Elista RUS"]
[Date "2004.05.22"]
[Round "1.1"]
[White "Javakhishvili, Lela"]
[Black "Kosintseva, Nadezhda"]
[Result "1-0"]
[WhiteElo "2372"]
[BlackElo "2425"]
[EventDate "2004.05.22"]
[PlyCount "115"]

1.d4 Nf6 2.c4 e6 3.Nc3 Bb4 4.e3 b6 5.Ne2 c5 6.a3 Ba5 7.Rb1 Na6 8.Bd2 O-O 
9.d5 d6 10.Nf4 e5 11.Nh5 Ng4 12.Ng3 Bxc3 13.Bxc3 Qh4 14.Qd2 f5 15.h3 Nf6 
16.Bd3 Nc7 17.b3 f4 18.exf4 exf4 19.Ne2 Nh5 20.Kd1 Qxf2 21.Kc2 Bf5 22.Rbf1
Bxd3+ 23.Qxd3 Qh4 24.Rf3 Rae8 25.Rhf1 Qg5 26.Bd2 Qxg2 27.Nxf4 Nxf4 28.Rxf4
Rxf4 29.Rxf4 Qe2 30.Rg4 b5 31.Qg3 Qe7 32.Bh6 g6 33.Bf4 bxc4 34.bxc4 Qe4+ 
35.Qd3 Qxd3+ 36.Kxd3 Rd8 37.Rg1 Ne8 38.Rb1 Rd7 39.a4 Kf7 40.a5 Ke7 41.Bg5+
Kf7 42.a6 Ng7 43.Rb7 Ke8 44.Rb8+ Kf7 45.Bd8 Nh5 46.Rb7 Ke8 47.Bb6 Nf6 48.
Rxa7 Rxa7 49.Bxa7 Kd7 50.Bxc5 Ne8 51.a7 Nc7 52.Bb4 Na8 53.Ke4 Kc7 54.Kf4 
h6 55.c5 dxc5 56.Bxc5 Kd7 57.Ke5 Nc7 58.Ke4 1-0

[Event "FIDE-Wch k.o. (Women)"]
[Site "Elista RUS"]
[Date "2004.05.23"]
[Round "1.2"]
[White "Kosintseva, Nadezhda"]
[Black "Javakhishvili, Lela"]
[Result "1-0"]
[WhiteElo "2425"]
[BlackElo "2372"]
[EventDate "2004.05.22"]
[PlyCount "229"]

1.e4 c5 2.Nf3 e6 3.c3 Nf6 4.e5 Nd5 5.Bc4 d6 6.d4 cxd4 7.cxd4 Nb6 8.Bd3 Bd7
9.O-O Bc6 10.Nc3 N8d7 11.Qe2 Be7 12.Bf4 dxe5 13.dxe5 Nd5 14.Bg3 Nc5 15.
Nxd5 Bxd5 16.Bb5+ Nd7 17.Nd2 O-O 18.Ne4 a6 19.Bd3 Nc5 20.Nxc5 Bxc5 21.Qc2 
Rc8 22.Bxh7+ Kh8 23.Bd3 Qg5 24.Qe2 g6 25.Kh1 Be7 26.f4 Qh6 27.b3 Bh4 28.
Bxh4 Qxh4 29.Be4 Rfd8 30.g3 Qh5 31.Qxh5+ gxh5 32.Bxd5 Rxd5 33.Rad1 Rxd1 
34.Rxd1 Rc2 35.Rd7 Kg7 36.a4 Kg6 37.Rxb7 Kf5 38.Rxf7+ Kg4 39.f5 exf5 40.e6
Re2 41.e7 Kg5 42.Kg1 Kg6 43.Kf1 Re6 44.e8=Q Rxe8 45.Ra7 Re6 46.Kg2 h4 47.
a5 hxg3 48.hxg3 Kg5 49.Kf3 Rc6 50.Rg7+ Kf6 51.Rb7 Kg5 52.Rb6 Rc3+ 53.Kf2 
Rc2+ 54.Kf3 Rc3+ 55.Kg2 Rc2+ 56.Kf1 Rc3 57.b4 Rb3 58.Kf2 Kg4 59.Rg6+ Kh5 
60.Rf6 Rxb4 61.Rxf5+ Kg6 62.Rc5 Rb3 63.Rc6+ Kg7 64.Rxa6 Rb5 65.Ke3 Kh7 66.
Kf4 Kg7 67.g4 Kh7 68.Ke4 Kg7 69.Kf4 Kh7 70.Kg3 Kg7 71.Kh4 Rc5 72.g5 Rc1 
73.Rb6 Ra1 74.a6 Rg1 75.Kh5 Rh1+ 76.Kg4 Rf1 77.Kg3 Rf5 78.Kh4 Rf1 79.Kg4 
Rf2 80.Rf6 Ra2 81.Rc6 Rf2 82.Rc7+ Kg6 83.a7 Ra2 84.Kf4 Ra5 85.Rb7 Rf5+ 86.
Ke4 Ra5 87.Kd4 Kxg5 88.Rb5+ Rxb5 89.a8=Q Rf5 90.Ke4 Rf4+ 91.Ke3 Rf6 92.Qd8
Kf5 93.Qd5+ Kg4 94.Qe5 Rf5 95.Qe6 Kg5 96.Ke4 Rf6 97.Qe7 Kg6 98.Ke5 Rf7 99.
Qe8 Kg7 100.Ke6 Rf6+ 101.Ke7 Rf5 102.Qb8 Rf7+ 103.Ke6 Rf6+ 104.Ke5 Rg6 
105.Qd8 Kh7 106.Kf5 Rg7 107.Qe8 Rg2 108.Qf7+ Rg7 109.Qh5+ Kg8 110.Kf6 Rg1 
111.Qe8+ Kh7 112.Qd7+ Kg8 113.Qc8+ Kh7 114.Qc2+ Kg8 115.Qa2+ 1-0

[Event "FIDE-Wch k.o. (Women)"]
[Site "Elista RUS"]
[Date "2004.05.23"]
[Round "1.3"]
[White "Javakhishvili, Lela"]
[Black "Kosintseva, Nadezhda"]
[Result "0-1"]
[WhiteElo "2372"]
[BlackElo "2425"]
[EventDate "2004.05.22"]
[PlyCount "88"]

1.d4 Nf6 2.c4 e6 3.Nc3 Bb4 4.e3 b6 5.Ne2 c5 6.a3 Ba5 7.Rb1 Na6 8.Qa4 Bb7 
9.Bd2 Qe7 10.Ng3 O-O 11.b4 cxb4 12.Nb5 bxa3 13.Bxa5 bxa5 14.Qxa5 a2 15.
Qxa2 Nb4 16.Qd2 a5 17.f3 Bc6 18.Na3 Rfb8 19.Kf2 Ne8 20.Be2 Nc7 21.e4 d6 
22.d5 Bd7 23.Rhd1 Ba4 24.Rdc1 Nca6 25.Re1 Nc5 26.Bf1 Qa7 27.Re3 Rb6 28.Nb5
Bxb5 29.cxb5 Rbb8 30.Be2 Qb6 31.Kf1 Rc8 32.Ra3 Nd7 33.Nh5 Nf8 34.Qg5 Ng6 
35.f4 Nc2 36.Rh3 Ne3+ 37.Ke1 h6 38.Qg3 Rc3 39.Bf3 Qd4 40.dxe6 Rac8 41.
exf7+ Kxf7 42.f5 Rc1+ 43.Rxc1 Rxc1+ 44.Kf2 Nxf5+ 0-1

[Event "FIDE-Wch k.o. (Women)"]
[Site "Elista RUS"]
[Date "2004.05.23"]
[Round "1.4"]
[White "Kosintseva, Nadezhda"]
[Black "Javakhishvili, Lela"]
[Result "1-0"]
[WhiteElo "2425"]
[BlackElo "2372"]
[EventDate "2004.05.22"]
[PlyCount "83"]

1.e4 c5 2.Nf3 g6 3.c3 Bg7 4.d4 cxd4 5.cxd4 d5 6.e5 Bg4 7.Bb5+ Kf8 8.O-O a6
9.Be2 Nc6 10.Nc3 Bxf3 11.Bxf3 e6 12.Be3 h6 13.Rc1 Nge7 14.Na4 Nf5 15.Nc5 
Qe7 16.Qa4 b5 17.Qd1 h5 18.Nb3 Qe8 19.Rc5 Kg8 20.Qc2 Nce7 21.Bg5 Bf8 22.
Rc1 Kh7 23.Rc7 Bh6 24.Bxh6 Kxh6 25.Qd2+ g5 26.Be2 Nh4 27.Nc5 Neg6 28.Nb7 
Qg8 29.Nd6 Rf8 30.Bf1 Nf4 31.Qe3 Nf5 32.Nxf5+ exf5 33.R1c6+ Ne6 34.Qf3 f4 
35.Qxd5 Rd8 36.Rd7 g4 37.Rxd8 Qxd8 38.Qe4 Kg5 39.d5 Nc7 40.g3 Nxd5 41.Rd6 
f5 42.Qxd5 1-0

[Event "FIDE-Wch k.o. (Women)"]
[Site "Elista RUS"]
[Date "2004.05.22"]
[Round "1.1"]
[White "Matnadze, Ana"]
[Black "Alexandrova, Olga"]
[Result "1/2-1/2"]
[WhiteElo "2364"]
[BlackElo "2430"]
[EventDate "2004.05.22"]
[PlyCount "150"]

1.d4 d5 2.g3 c6 3.Bg2 Bg4 4.Nf3 Nd7 5.c4 e6 6.O-O Bd6 7.Qb3 Rb8 8.Nc3 Ngf6
9.Nd2 O-O 10.e4 e5 11.dxe5 dxc4 12.Nxc4 Nxe5 13.Nxe5 Bxe5 14.Be3 Qa5 15.f3
Be6 16.Qc2 Rfd8 17.Rfd1 c5 18.Bf1 Rbc8 19.Rxd8+ Rxd8 20.Rd1 Bd4 21.Bxd4 
cxd4 22.Nb5 Qb6 23.Qf2 Bxa2 24.Rxd4 a6 25.Rxd8+ Qxd8 26.Nc3 Be6 27.Qc5 h6 
28.b4 Qd2 29.Ne2 Qe1 30.Nf4 Bd7 31.Nd3 Qd1 32.Kf2 Bg4 33.Qe3 Qc2+ 34.Qe2 
Qxe2+ 35.Bxe2 Bc8 36.Ke3 Kf8 37.Kd4 Ke7 38.e5 Nd7 39.f4 g6 40.Bf3 b6 41.
Nb2 a5 42.bxa5 bxa5 43.Nc4 a4 44.Bc6 Nf8 45.Bxa4 Ne6+ 46.Ke3 Ba6 47.Na5 
Nc5 48.Nc6+ Kd7 49.Nb8+ Ke6 50.Bd1 Bb5 51.Kd4 Na6 52.Bb3+ Ke7 53.Ba4 Bf1 
54.Nc6+ Ke6 55.Nd8+ Ke7 56.Nc6+ Ke6 57.Bb3+ Kd7 58.e6+ fxe6 59.Ne5+ Kd6 
60.Nxg6 Nc5 61.Bc2 Nb7 62.Ne5 Ke7 63.Ng4 h5 64.Ne3 Be2 65.Bb3 Kf6 66.Nc4 
h4 67.gxh4 Kf5 68.Ke3 Bxc4 69.Bxc4 e5 70.Bd3+ Kf6 71.h5 exf4+ 72.Kxf4 Kg7 
73.Kg5 Nd6 74.h6+ Kh8 75.Kf6 Nf7 1/2-1/2

[Event "FIDE-Wch k.o. (Women)"]
[Site "Elista RUS"]
[Date "2004.05.23"]
[Round "1.2"]
[White "Alexandrova, Olga"]
[Black "Matnadze, Ana"]
[Result "1-0"]
[WhiteElo "2430"]
[BlackElo "2364"]
[EventDate "2004.05.22"]
[PlyCount "169"]

1.d4 d5 2.c4 e6 3.Nf3 Nf6 4.e3 g6 5.b3 Bg7 6.Ba3 Nbd7 7.Be2 c5 8.O-O O-O 
9.Nbd2 Re8 10.dxc5 Ne4 11.Nxe4 dxe4 12.Nd4 Qg5 13.Qc2 f5 14.Rad1 a6 15.Qd2
e5 16.f4 exf3 17.Nxf3 Qh6 18.b4 Nf6 19.Bc1 Be6 20.Qc2 e4 21.Nd4 Bf7 22.c6 
bxc6 23.Nxc6 Kh8 24.a4 Rec8 25.b5 axb5 26.axb5 Be8 27.Nd4 Nd7 28.Ne6 Be5 
29.g3 Rab8 30.Qd2 Rb6 31.Nf4 Qg7 32.Nd5 Rb7 33.Ba3 h5 34.Rb1 Ra8 35.Bb2 
Ra2 36.Bxe5 Rxd2 37.Bxg7+ Kxg7 38.Nc3 Bf7 39.Rfd1 Rc2 40.Rbc1 Rb2 41.Kf1 
Nc5 42.Rb1 Rc2 43.Rdc1 Rd2 44.Ke1 Rd8 45.Rd1 Rc8 46.Rd4 h4 47.g4 Ra8 48.
Kd2 Be6 49.gxf5 gxf5 50.Kc2 Kf6 51.Rg1 Rba7 52.Rb1 Ke5 53.Rdd1 Rg7 54.Rg1 
Rb7 55.Ra1 Rc8 56.Ra5 Kf6 57.Rd1 Rg7 58.b6 Rb7 59.Nd5+ Kf7 60.Kc3 Nd7 61.
Ra7 Rcb8 62.Bh5+ Kg7 63.Nc7 Nxb6 64.Nxe6+ Kf6 65.Rxb7 Rxb7 66.Nc5 Rb8 67.
Nd7+ Nxd7 68.Rxd7 Ke6 69.Rd2 Rc8 70.Rb2 Rd8 71.Rb6+ Ke5 72.Rb5+ Ke6 73.Be2
Rg8 74.Rb2 Rc8 75.Bf1 Ra8 76.Rb6+ Ke7 77.Bh3 Rf8 78.Kd4 Rd8+ 79.Ke5 Rd2 
80.Rb7+ Kd8 81.Bxf5 Rxh2 82.Kxe4 Rc2 83.Rh7 Rxc4+ 84.Kf3 Ra4 85.Be4 1-0